000 00616nam a2200241Ia 4500
003 0100
008 130303s9999 xx 000 0 und d
020 _a0803283539
040 _cARRUPELIB
050 _aB3313.M52E5 1996
100 _aNeitzsche, Friedrich
245 _aHuman, all too human
245 _ba book for free spirits
260 _aCambridge
260 _bCambridge University Press
260 _C1996
300 _axxix
300 _b 400p. 23cm.
440 _aCambridge texts in the hostory of philosophy
650 _aPHILOSOPHY
700 _aHollingdale, R. J. (tr.)
942 0 0 _023
999 _c13073
_d13073